• 首页
  • 本馆介绍
  • 公告通知
  • 最新文献
  • 馆藏检索
  • 电子资源
  • 读者荐购
  • 参考咨询
  • CALIS
  • 我的图书馆
  • 登录
  • 详细信息显示
  • 放入我的书架
  • 预约/预借图书
  • 作者相关作品
  • 分类相关作品
  • 丛书相关作品
  • 出版社相关作品

书目信息

  • 表格格式
  • 工作单格式
  • 卡片格式
题名:
超越
    
 
作者: 陈韵棋 主编
分册:  
出版信息: 武汉   华中科技大学出版社  2021.11
页数: 251页
开本: 24cm
丛书名:
单 册:
中图分类: B821-49
科图分类:
主题词: 人生哲学--ren sheng zhe xue--通俗读物
电子资源:
ISBN: 978-7-5680-7604-3
 
 
 
 
 
000 01004nam0 2200241 450
001 28221
005 20221008163402.34
010    @a978-7-5680-7604-3@dCNY48.00
100    @a20211117d2021 em y0chiy50 ea
101 0  @achi
102    @aCN@b420000
105    @aa z 000yy
200 1  @a超越@Achao yue@e赋能更优秀的自己@f陈韵棋主编
210    @a武汉@c华中科技大学出版社@d2021.11
215    @a251页@c图@d24cm
314    @a陈韵棋, DISC授权讲师认证班联合主讲、DISC+社群联合创始人、培训师商业顾问、第七届当当影响力作家。
330    @a本书共5章, 分别为让成长更快乐、让职场更温暖、让业绩更亮眼、让培训更闪耀、让人生更丰盛。主要内容分包括: 轻松养育 —— 用游戏力陪伴孩子快乐成长 ; 亲子赋能 —— 向前一步自赋能之旅 ; 快乐成长 —— 探索无忧的青春年华等。
517 1  @a赋能更优秀的自己@Afu neng geng you xiu de zi ji
606 0  @a人生哲学@Aren sheng zhe xue@j通俗读物
690    @aB821-49@v5
701  0 @a陈韵棋@Achen yun qi@4主编
801  0 @aCN@c20220910
905    @a河南城建学院图书馆@dB821-49@eC630@f2
    
    超越:赋能更优秀的自己/陈韵棋主编.-武汉:华中科技大学出版社,2021.11
    251页:图;24cm
    
    
    ISBN 978-7-5680-7604-3:CNY48.00
    本书共5章, 分别为让成长更快乐、让职场更温暖、让业绩更亮眼、让培训更闪耀、让人生更丰盛。主要内容分包括: 轻松养育 —— 用游戏力陪伴孩子快乐成长 ; 亲子赋能 —— 向前一步自赋能之旅 ; 快乐成长 —— 探索无忧的青春年华等。
●
相关链接 在E读中查询图书 在当当中查询图书 在豆瓣中查询图书


正题名:超越     索取号:B821-49/C630         预约/预借

序号 登录号 条形码 馆藏地/架位号 状态 备注
1 1581029   215810291   社科库509/509社科库 24排3列5层/ [索取号:B821-49/C630] 在馆    
2 1581030   215810308   社科库509/509社科库 24排3列5层/ [索取号:B821-49/C630] 在馆    
河南城建学院图书馆 欢迎您!
大连网信软件有限公司© 版权所有